000 00261nam a2200097Ia 4500
001 1253006
005 20251031150945.0
008 251031s9999 xx 000 0 und d
245 0 _cMUSTAFA ORAKÇI
_aV-12 LEVENT HATIRLA BİZİ OSMAN
260 _bTİMAŞ YAYINLARI
999 _c1253006
_d1253006